000 02729cam a2200301 4500500
005 20260111150209.0
041 _afre
042 _adc
100 1 0 _aMoulinié, Véronique
_eauthor
245 0 0 _aL'exode et les camps pour pays. Les descendants de républicains espagnols en France
260 _c2013.
500 _a83
520 _aRésuméÀ l’hiver 1939, la guerre d’Espagne qui, depuis l’été 1936, oppose franquistes et républicains, est sur le point de prendre fin. Fuyant l’avancée des armées de Franco, des milliers d’Espagnols franchissent les Pyrénées pour chercher refuge dans le département des Pyrénées-Orientales. Les hommes seront internés dans des camps, les femmes, les enfants et les vieillards dans des « refuges ». Au cours des années 2000, passant, en quelque façon, des pères aux fils, la mémoire de cet exode subit des inflexions, subtiles mais importantes, dont on analyse ici les ressorts et les conséquences.
520 _aExodus and Camps as a Homeland. The Descendants of Spanish Refugees in FranceIn the winter of 1939, the Spanish Civil War, which had brought into conflict since the summer of 1936 Republicans and the supporters of Franco, is coming to an end. Fleeing the advance of Franco’s army, thousands of Spaniards cross the Pyrenees seeking refuge in the department of the Pyrénées-Orientales. The men will be interned in camps, the women, children and elderly in “shelters”. As of the years 2000, transmitted from father to son, the memory of this Exodus undergoes subtle but important changes, the reasons and effects of which are analysed here.
520 _aZusammenfassungIm Winter 1939 ging der spanische Bürgerkrieg, in dem sich Franquisten und Republikaner gegenüber standen zu Ende. In dieser Zeit flohen tausende Spanier vor den Truppen Francos über die Pyrénéen in das französische Departement Pyrénées-Orientales. Die Männer wurden in Lagern, die Frauen, Kinder und Alten in anderen „Zufluchtsorten“ interniert. Die Erinnerung daran, die nun von den Vätern auf ihre Söhne übergegangen ist, erfährt heute einen subtilen, aber wichtigen Wendepunkt, der hier erläutert werden soll.
690 _acamps d'internement
690 _aimmigrés économiques
690 _aréfugiés politiques
690 _arépublique espagnole
690 _aRetirada
690 _aeconomic migrants
690 _ainterment camps
690 _apolitical refugees
690 _aRetirada
690 _aSpanish Republic
786 0 _nEthnologie française | 43 | 1 | 2013-01-08 | p. 31-41 | 0046-2616
856 4 1 _uhttps://shs.cairn.info/revue-ethnologie-francaise-2013-1-page-31?lang=fr&redirect-ssocas=7080
999 _c1637226
_d1637226